| 000 | 01040cam a2200301 a 4500 | ||
|---|---|---|---|
| 001 | 4793501 | ||
| 003 | NUST-PNEC | ||
| 005 | 20170116180722.0 | ||
| 008 | 870811m19811986enka b 001 0beng | ||
| 010 | _a 87164572 | ||
| 020 | _a0907052142 (set) | ||
| 040 |
_aDLC _cPNEC |
||
| 050 | 0 | 0 |
_aBP161.2.M66 _bA39 1985 |
| 082 | 0 | 0 |
_a297.63 AFZ _219 |
| 100 | 0 | _aAfzal-ur-Rahman. | |
| 245 | 1 | 0 |
_aMuhammad, encyclopaedia of seerah Vol 2 _cAfzalur Rahman. |
| 260 |
_aLondon : _bMuslim Schools Trust, _c1985 printing, c1981-1986. |
||
| 300 |
_a4 v. 928 p.: _c26 cm. |
||
| 500 | _ahttp://www.amazon.com/Encyclopedia-Seerah-Volumes-I-VI-1-6/dp/0907052142/ref=sr_1_1?ie=UTF8&qid=1414391805&sr=8-1&keywords=0907052142 | ||
| 504 | _aIncludes bibliographies and indexes. | ||
| 600 | 0 | 0 |
_aMuḼammad, _cProphet, _d-632. |
| 650 | 0 | _aIslam. | |
| 650 | 0 |
_aMuslims _zSaudi Arabia _xBiography. |
|
| 740 | 0 | _aEncyclopaedia of seerah. | |
| 906 |
_a7 _bcbc _corignew _d2 _encip _f19 _gy-gencatlg |
||
| 942 |
_2ddc _cBK |
||
| 999 |
_c61428 _d61428 |
||